Visualizzazione normale
Vista MARC
- Silvestri Daniele
di Personal Name
Records bibliografici associati: 1
001 - CONTROL NUMBER
- control field: 31951
003 - CONTROL NUMBER IDENTIFIER
- control field: IT-RoPau
005 - DATE AND TIME OF LATEST TRANSACTION
- control field: 20140625222423.0
008 - FIXED-LENGTH DATA ELEMENTS
- fixed length control field: 140625|| aca||aabn | a|a d
040 ## - CATALOGING SOURCE
- Original cataloging agency: IT-RoPau
- Transcribing agency: IT-RoPau
100 ## - HEADING--PERSONAL NAME
- Personal name: Silvestri Daniele
- Miscellaneous information: Codice autore testo/musica SPICS: 43224
- Relator term: Autore testo/musica
- Name of part/section of a work: Il fiume e la nebbia - Al fratello che non ho
670 ## - SOURCE DATA FOUND
- Source citation: Work cat.: (IT-RoPau)99294: AA.VV. 794, Belle speranze